000 00233 a2200097 4500
001 32108
100 _aThomas, Brian J
245 _aThe World Wide Web for Scientists & Engineers
260 _aN.Y
_bIEE
_c1998
090 _c21554
_d21554
942 _aNUST-CAE
_cM
_c12841
999 _c267181
_d267181